[Event "AUT2M-chT 1998/99"]
[Site "Salzburg"]
[Date "1999.02.27"]
[Round "8.1"]
[White "Bischoff, Klaus"]
[Black "Beim, Valeri"]
[Result "1/2-1/2"]
[WhiteElo "2521"]
[BlackElo "2562"]
[PlyCount "43"]
[EventDate "1999.02.27"]

1. d4 d6 2. g3 g6 3. Bg2 Bg7 4. e4 Nf6 5. Ne2 c5 6. dxc5 Qa5+ 7. Nbc3 Qxc5 8.
Be3 Qa5 9. h3 O-O 10. O-O Nc6 11. Nd5 Re8 12. a4 Bd7 13. c3 Rac8 14. f4 Qd8 15.
Kh2 Na5 16. Bg1 b6 17. Rc1 Nxd5 18. exd5 e5 19. dxe6 Bxe6 20. Nd4 Bc4 21. Re1
Rxe1 22. Qxe1 1/2-1/2

[Event "AUT2M-chT 1998/99"]
[Site "Salzburg"]
[Date "1999.02.27"]
[Round "8.1"]
[White "Hellmayr, Alois"]
[Black "Gruenberg, Hans Ulrich"]
[Result "0-1"]
[WhiteElo "2267"]
[BlackElo "2460"]
[PlyCount "92"]
[EventDate "1999.02.27"]

1. d4 Nf6 2. Nf3 e6 3. e3 b6 4. Bd3 Bb7 5. Nbd2 c5 6. b3 cxd4 7. exd4 Be7 8.
O-O O-O 9. Bb2 d6 10. c4 Re8 11. Re1 Nbd7 12. Rc1 Rc8 13. Nf1 Rc7 14. Ne3 Bf8
15. Ng5 Qa8 16. Rc2 g6 17. h4 Rcc8 18. Bf1 Bg7 19. g3 a6 20. b4 Qb8 21. Bg2 h6
22. Nh3 Bxg2 23. Kxg2 Qa8+ 24. Qf3 Rc7 25. Qxa8 Rxa8 26. Nf4 Rac8 27. Rce2 h5
28. d5 e5 29. Nh3 Ng4 30. Nxg4 hxg4 31. Ng5 Rxc4 32. Ne4 Bf8 33. a3 Be7 34. Nd2
Rc2 35. Nf1 f5 36. Ne3 Rxe2 37. Rxe2 Nf6 38. f3 gxf3+ 39. Kxf3 Kf7 40. Rg2 b5
41. Rd2 Bd8 42. g4 fxg4+ 43. Nxg4 Nxg4 44. Kxg4 Rc4+ 45. Kh3 Bxh4 46. Rd1 Bg5
0-1

[Event "AUT2M-chT 1998/99"]
[Site "Salzburg"]
[Date "1999.02.27"]
[Round "8.1"]
[White "Hanel, Reinhard"]
[Black "Steiner, Guenther"]
[Result "1-0"]
[WhiteElo "2360"]
[BlackElo "2240"]
[PlyCount "47"]
[EventDate "1999.02.27"]

1. c4 b6 2. Nc3 Bb7 3. e4 e6 4. a3 c5 5. Nf3 d6 6. d4 cxd4 7. Nxd4 Nf6 8. Bd3
Be7 9. O-O O-O 10. Re1 a6 11. b3 Qc7 12. Bb2 Nbd7 13. Rc1 Rac8 14. Bb1 Qb8 15.
Qd2 Bd8 16. Rcd1 Bc7 17. Nd5 exd5 18. Nf5 Bd8 19. exd5 Ne5 20. Re3 b5 21. Rh3
g6 22. Bxe5 dxe5 23. Qh6 gxf5 24. Rg3+ 1-0

[Event "AUT2M-chT 1998/99"]
[Site "Salzburg"]
[Date "1999.02.27"]
[Round "8.1"]
[White "Tscholowitsch, Christian"]
[Black "Hager, Franz"]
[Result "1/2-1/2"]
[WhiteElo "2200"]
[BlackElo "2240"]
[PlyCount "154"]
[EventDate "1999.02.27"]

1. d4 f5 2. g3 Nf6 3. Bg2 d5 4. Nf3 e6 5. O-O Bd6 6. c4 c6 7. Nbd2 O-O 8. b3
Bd7 9. Ne5 Be8 10. Ndf3 Bh5 11. Nd3 Nbd7 12. Nf4 Bf7 13. Qc2 Ne4 14. Nd3 Rc8
15. Bb2 Bh5 16. Nfe5 g5 17. f3 Nef6 18. Rae1 c5 19. Nxd7 Nxd7 20. dxc5 Nxc5 21.
Qc3 e5 22. Nxe5 Na4 23. Qc1 Nxb2 24. Qxb2 Qf6 25. f4 dxc4 26. bxc4 b6 27. Qd2
Rfd8 28. Bd5+ Kh8 29. Qb2 Qg7 30. Nd3 Qxb2 31. Nxb2 gxf4 32. Nd3 fxg3 33. h3 b5
34. Be6 bxc4 35. Bxc8 cxd3 36. Rxf5 Rxc8 37. exd3 Bc5+ 38. Kg2 Bf2 39. Re7 Bg6
40. Rd5 Rg8 41. Rb7 Be8 42. Rc7 Bb6 43. Rc2 Bf7 44. Re5 Bd4 45. Rf5 Be6 46. Rh5
Bb6 47. Rd2 Be3 48. Re2 Bf7 49. Re5 Bd4 50. Rf5 Bg6 51. Rd5 Bf2 52. Rd7 Rc8 53.
d4 Rc1 54. Ree7 Rc8 55. d5 Kg8 56. d6 Kf8 57. Re5 Re8 58. Rde7 Rd8 59. d7 Bd4
60. Re2 Bc5 61. R7e5 Bd6 62. Re6 Rxd7 63. Rd2 Rc7 64. Rexd6 Rc3 65. Re6 Kf7 66.
Ree2 Bb1 67. Rd7+ Kf6 68. Rxa7 Bd3 69. Re1 Bb5 70. Rae7 Bc6+ 71. Kg1 g2 72.
Rxh7 Kg5 73. Rc7 Rxh3 74. Rxc6 Rh1+ 75. Kxg2 Rxe1 76. Kf3 Kf5 77. a4 Ke5
1/2-1/2

[Event "AUT2M-chT 1998/99"]
[Site "Salzburg"]
[Date "1999.02.27"]
[Round "8.1"]
[White "Hinteregger, Arthur"]
[Black "Doppelhammer, Herbert"]
[Result "1/2-1/2"]
[WhiteElo "2156"]
[BlackElo "2117"]
[PlyCount "32"]
[EventDate "1999.02.27"]

1. e4 d5 2. exd5 Qxd5 3. Nc3 Qa5 4. Nf3 Nf6 5. Be2 c6 6. O-O Bg4 7. b4 Qc7 8.
h3 Bh5 9. d4 e6 10. a3 Be7 11. g4 Bg6 12. Ne5 Nbd7 13. f4 Nxe5 14. fxe5 Ne4 15.
Nxe4 Bxe4 16. c3 a5 1/2-1/2

[Event "AUT2M-chT 1998/99"]
[Site "Salzburg"]
[Date "1999.02.27"]
[Round "8.2"]
[White "Wuppinger, Manfred"]
[Black "Baumgartner, Heinz"]
[Result "0-1"]
[WhiteElo "2185"]
[BlackElo "2278"]
[PlyCount "92"]
[EventDate "1999.02.27"]

1. e4 e5 2. Nf3 Nc6 3. Bb5 f5 4. Nc3 fxe4 5. Nxe4 Nf6 6. d3 d5 7. Ng3 Bd6 8.
Qe2 O-O 9. Bg5 h6 10. Bd2 Nd4 11. Nxd4 exd4 12. O-O-O c6 13. Ba4 Re8 14. Qf1 b5
15. Bb3 a5 16. a3 Qb6 17. Re1 Be6 18. Re2 c5 19. Qe1 Kf7 20. f4 c4 21. dxc4
bxc4 22. Ba4 c3 23. Bxe8+ Rxe8 24. Bxc3 dxc3 25. Qxc3 Bxf4+ 26. Kb1 Rc8 27. Qf3
Rc4 28. Rhe1 Bg4 29. Re7+ Kf8 30. Qd3 Bd6 31. Qe3 Qxe3 32. R7xe3 Bxg3 33. Rxg3
Bf5 34. Re2 Kf7 35. Rb3 Rc5 36. Rb7+ Kg6 37. h3 h5 38. b3 d4 39. Kb2 Nd5 40. b4
axb4 41. axb4 Rc4 42. Kb3 Rc3+ 43. Kb2 Ne3 44. b5 Nc4+ 45. Ka2 Ra3+ 46. Kb1 d3
0-1

[Event "AUT2M-chT 1998/99"]
[Site "Salzburg"]
[Date "1999.02.27"]
[Round "8.2"]
[White "Loeffler, Christoph"]
[Black "Woeber, Friedrich"]
[Result "0-1"]
[WhiteElo "2055"]
[BlackElo "2205"]
[PlyCount "30"]
[EventDate "1999.02.27"]

1. e4 d5 2. exd5 Nf6 3. c4 e6 4. dxe6 Bxe6 5. Nf3 Qe7 6. Qe2 Nc6 7. d4 O-O-O 8.
Be3 Bf5 9. a3 Bg4 10. Nbd2 Ne4 11. O-O-O Nc3 12. bxc3 Qxa3+ 13. Kc2 Qa2+ 14.
Kd3 Nb4+ 15. Ke4 Qc2+ 0-1

[Event "AUT2M-chT 1998/99"]
[Site "Salzburg"]
[Date "1999.02.27"]
[Round "8.3"]
[White "Wirius, Stefan"]
[Black "Riediger, Martin"]
[Result "1/2-1/2"]
[WhiteElo "2285"]
[BlackElo "2202"]
[PlyCount "116"]
[EventDate "1999.02.27"]

1. d4 Nf6 2. Nf3 g6 3. c4 Bg7 4. Nc3 d5 5. e3 O-O 6. Qb3 e6 7. Be2 b6 8. O-O
dxc4 9. Bxc4 Bb7 10. Rd1 Nc6 11. Qc2 Qe7 12. e4 h6 13. e5 Nd7 14. Ne4 Nb4 15.
Qe2 c5 16. a3 Nd5 17. dxc5 Nxc5 18. Nd6 Rad8 19. Nxb7 Qxb7 20. h4 Na4 21. Rd4
Nc5 22. h5 g5 23. Nxg5 hxg5 24. h6 Nf4 25. Rxf4 gxf4 26. hxg7 Kxg7 27. Qg4+ Kh8
28. Qh5+ Kg7 29. Qg5+ Kh7 30. Bxf4 Qe4 31. Qh5+ Kg8 32. Bh6 Rfe8 33. Bb5 Qg6
34. Qxg6+ fxg6 35. Bxe8 Rxe8 36. Rd1 Re7 37. Be3 Rd7 38. Rxd7 Nxd7 39. f4 Kf7
40. Kf2 Nb8 41. Kf3 Nc6 42. Ke4 b5 43. Bc5 a6 44. g4 Nd8 45. Bb4 Nc6 46. Bd6
Kg7 47. f5 gxf5+ 48. gxf5 Kf7 49. Bb4 Nb8 50. Bd2 Nc6 51. Bg5 Na5 52. Bd2 Nc6
53. b4 Ne7 54. fxe6+ Kxe6 55. Kd4 Nc6+ 56. Kc5 Nxe5 57. Kb6 Nc4+ 58. Kxa6 Nxa3
1/2-1/2

[Event "AUT2M-chT 1998/99"]
[Site "Salzburg"]
[Date "1999.02.27"]
[Round "8.3"]
[White "Karner, Christoph"]
[Black "Hackbarth, Wolfgang"]
[Result "1-0"]
[WhiteElo "2181"]
[BlackElo "2186"]
[PlyCount "157"]
[EventDate "1999.02.27"]

1. d4 Nf6 2. c4 g6 3. Nc3 Bg7 4. e4 d6 5. Be2 O-O 6. Nf3 a5 7. O-O Na6 8. Re1
Bd7 9. Rb1 Re8 10. Bf4 Nh5 11. Be3 e5 12. dxe5 dxe5 13. Nd5 Nb4 14. Nd2 Nxd5
15. cxd5 Nf4 16. Bf1 c6 17. Nc4 cxd5 18. Nb6 d4 19. Nxa8 Qxa8 20. Bxf4 exf4 21.
Bc4 b5 22. Bd5 Qd8 23. Rc1 Re5 24. Qf3 g5 25. Red1 Qf6 26. Rc7 g4 27. Qb3 Re7
28. Ra7 a4 29. Qa3 Bf8 30. Qd3 Bg7 31. Rc1 Qd6 32. Ra8+ Re8 33. Rxe8+ Bxe8 34.
Qc2 Bf8 35. Qc8 Bd7 36. Qc7 g3 37. hxg3 fxg3 38. Qxd6 Bxd6 39. fxg3 Bg4 40. Kf2
Bb4 41. e5 Bd2 42. Ra1 Be3+ 43. Ke1 d3 44. Bf3 Bf5 45. Bc6 Bg4 46. Bf3 Bf5 47.
Rd1 Bd4 48. Rd2 b4 49. Be2 Bxe5 50. Bxd3 Bxd3 51. Rxd3 Bxb2 52. Kd1 Bf6 53. Rf3
Kg7 54. Rf4 Be7 55. Rf5 Bd6 56. Rd5 Be7 57. Ra5 b3 58. Rxa4 bxa2 59. Rxa2 Bd6
60. Ra5 f6 61. g4 Be5 62. Ke2 Kg6 63. Ra8 Bf4 64. Kf3 Be5 65. Ke4 Bc3 66. Kd5
Bb2 67. Ke6 Kg7 68. Kf5 Bc3 69. Ra7+ Kg8 70. Ke6 Bd4 71. Rb7 Bc3 72. Kf5 Bd4
73. Ke6 Bc3 74. Rf7 Bd4 75. Rxf6 Bxf6 76. Kxf6 Kf8 77. g5 Kg8 78. g6 h5 79. Kg5
1-0

[Event "AUT2M-chT 1998/99"]
[Site "Salzburg"]
[Date "1999.02.27"]
[Round "8.3"]
[White "Knechtel, Roland"]
[Black "Kilgus, Georg"]
[Result "1-0"]
[WhiteElo "2150"]
[BlackElo "2218"]
[PlyCount "47"]
[EventDate "1999.02.27"]

1. d4 Nf6 2. c4 g6 3. Nc3 Bg7 4. e4 d6 5. Bd3 O-O 6. Nge2 Nc6 7. h3 e5 8. d5
Nd4 9. Nxd4 exd4 10. Ne2 Re8 11. Qc2 c5 12. O-O a6 13. a4 Bd7 14. Bf4 Qc7 15.
Ng3 h5 16. a5 b5 17. axb6 Qxb6 18. Ra2 Bc8 19. Bd2 Rb8 20. Ba5 Qb3 21. Qb1 h4
22. Ne2 Nxe4 23. Nc1 Nd2 24. Bxd2 1-0

[Event "AUT2M-chT 1998/99"]
[Site "Salzburg"]
[Date "1999.02.27"]
[Round "8.3"]
[White "Harringer, Franz"]
[Black "Hackbarth, Christa"]
[Result "1-0"]
[WhiteElo "2180"]
[BlackElo "2005"]
[PlyCount "61"]
[EventDate "1999.02.27"]

1. e4 c6 2. d4 d5 3. e5 Bf5 4. h4 h6 5. g4 Bd7 6. h5 Qb6 7. f4 e6 8. Nf3 c5 9.
c3 Nc6 10. Rh2 cxd4 11. cxd4 Bb4+ 12. Kf2 Qc7 13. Kg3 Rc8 14. Rc2 Qb8 15. a3
Ba5 16. b4 Bb6 17. Nc3 Nge7 18. Bb2 g6 19. hxg6 fxg6 20. Rac1 h5 21. Nb5 Bc7
22. Nxc7+ Rxc7 23. b5 hxg4 24. bxc6 Nf5+ 25. Kf2 Bxc6 26. Ng5 Rh2+ 27. Kg1 Rxc2
28. Qxc2 Qc8 29. Qh2 Qd7 30. Qh8+ Ke7 31. Qf6+ 1-0

[Event "AUT2M-chT 1998/99"]
[Site "Salzburg"]
[Date "1999.02.27"]
[Round "8.4"]
[White "Hertneck, Gerald"]
[Black "Weiss, Christian"]
[Result "1/2-1/2"]
[WhiteElo "2573"]
[BlackElo "2432"]
[PlyCount "111"]
[EventDate "1999.02.27"]

1. d4 Nf6 2. Nf3 g6 3. c4 Bg7 4. Nc3 d5 5. e3 O-O 6. Be2 c6 7. O-O Nbd7 8. cxd5
Nxd5 9. Qc2 Nxc3 10. bxc3 c5 11. a4 Qc7 12. Qb3 b6 13. a5 Bb7 14. a6 Bxf3 15.
Bxf3 Rab8 16. Qb5 e5 17. Ba3 Rfd8 18. Rfd1 Bf8 19. d5 Nf6 20. c4 Ne8 21. Bb2
Nd6 22. Qb3 Bg7 23. Qc2 Qe7 24. e4 f5 25. Re1 f4 26. Be2 h5 27. Ra3 Nf7 28. Kh1
Kh7 29. Rg1 Rd6 30. g4 h4 31. f3 g5 32. Bc3 Rc8 33. Rb1 Rc7 34. Bd1 Bf6 35. Qa2
Kg7 36. Ba4 Nd8 37. Be1 Kf7 38. Rd3 Kf8 39. Bf2 Kf7 40. Qa3 Kf8 41. Rb5 Kg7 42.
Kg2 Kf8 43. Kf1 Nf7 44. Ke2 Kg7 45. Rb2 Nd8 46. Bb5 Kf8 47. Qa4 Kf7 48. Kd2 Kf8
49. Kc3 Kf7 50. Qd1 Kf8 51. Kb3 Kf7 52. Ka3 Kf8 53. Qb1 Kf7 54. Rdb3 Bg7 55.
Ba4 Kg8 56. Ka2 1/2-1/2

[Event "AUT2M-chT 1998/99"]
[Site "Salzburg"]
[Date "1999.02.27"]
[Round "8.4"]
[White "Opl, Klaus"]
[Black "Kranzl, Peter"]
[Result "1/2-1/2"]
[WhiteElo "2330"]
[BlackElo "2269"]
[PlyCount "64"]
[EventDate "1999.02.27"]

1. d4 Nf6 2. c4 c5 3. d5 b5 4. cxb5 a6 5. bxa6 g6 6. Nc3 Bxa6 7. Nf3 Bg7 8. Nd2
O-O 9. e4 Bxf1 10. Nxf1 d6 11. Ne3 Qa5 12. O-O Qa6 13. a4 Nbd7 14. Ra3 Rab8 15.
Qc2 Rfc8 16. Nb5 Ne8 17. Nc4 Ne5 18. Nxe5 Bxe5 19. Bg5 Nc7 20. f4 Nxb5 21. axb5
Bd4+ 22. Kh1 Qxb5 23. Raf3 f6 24. Bh6 Qxb2 25. Qd1 Ra8 26. f5 g5 27. h4 Ra2 28.
Rg3 Be5 29. Rg4 Qe2 30. Qxe2 Rxe2 31. hxg5 fxg5 32. Bxg5 Kf7 1/2-1/2

[Event "AUT2M-chT 1998/99"]
[Site "Salzburg"]
[Date "1999.02.27"]
[Round "8.4"]
[White "Knoll, Hermann"]
[Black "Eichler, Christoph"]
[Result "0-1"]
[WhiteElo "2318"]
[BlackElo "2255"]
[PlyCount "104"]
[EventDate "1999.02.27"]

1. d4 g6 2. e4 Bg7 3. c4 d6 4. Nc3 Nc6 5. Be3 e5 6. Nge2 exd4 7. Nxd4 Nge7 8.
Be2 O-O 9. O-O f5 10. Nxc6 Nxc6 11. exf5 Bxf5 12. Qd2 Qh4 13. Rad1 Rae8 14. Bg5
Qd4 15. Qc1 Qb6 16. Nd5 Qxb2 17. Qxb2 Bxb2 18. Rd2 Ba3 19. Nxc7 Rxe2 20. Rxe2
Bd3 21. Rd2 Bxf1 22. Kxf1 Ne5 23. Rc2 Rc8 24. Nb5 Bc5 25. Nc3 Kf7 26. Nd5 Bb6
27. Re2 Rxc4 28. Nxb6 axb6 29. f4 Nc6 30. g3 b5 31. h4 h5 32. Rd2 Rd4 33. Rb2
b4 34. Ke2 Ke6 35. Ke3 d5 36. Bh6 Rc4 37. Bg7 Ne7 38. Kf3 Re4 39. Bf8 Nc6 40.
Bc5 Kf5 41. Rd2 Ke6 42. Rb2 Rc4 43. Bf2 Rc3+ 44. Kg2 d4 45. Bxd4 Nxd4 46. Rxb4
Nf5 47. Rb6+ Nd6 48. Kh3 Ra3 49. Rb2 b5 50. Re2+ Kf6 51. Kh2 Nf5 52. Rg2 Ne3
0-1

[Event "AUT2M-chT 1998/99"]
[Site "Bad Schallerbach"]
[Date "1999.02.27"]
[Round "8.5"]
[White "Rotstein, Arkadij"]
[Black "Orsag, Milan"]
[Result "1/2-1/2"]
[WhiteElo "2493"]
[BlackElo "2360"]
[PlyCount "56"]
[EventDate "1999.02.27"]

1. c4 e6 2. g3 d5 3. Bg2 Nf6 4. Nf3 c5 5. cxd5 exd5 6. d4 Nc6 7. O-O Be7 8. Nc3
O-O 9. Bg5 cxd4 10. Nxd4 h6 11. Be3 Re8 12. Qb3 Na5 13. Qc2 Nc4 14. Bf4 Bg4 15.
Nf5 Rc8 16. Nxe7+ Qxe7 17. Rfd1 Qb4 18. Rd4 Qc5 19. e3 Be6 20. Rad1 Nxb2 21.
Qxb2 Qxc3 22. Qxb7 Bg4 23. Rb1 Bf5 24. Rbd1 Bc2 25. Rc1 Qa3 26. e4 dxe4 27. Bh3
Rb8 28. Qc6 28... Rb2 {Rest unleserlich!!!} 1/2-1/2

[Event "AUT2M-chT 1998/99"]
[Site "Bad Schallerbach"]
[Date "1999.02.27"]
[Round "8.5"]
[White "Wukits, Rene"]
[Black "Kaiser, Wolfgang"]
[Result "1/2-1/2"]
[WhiteElo "2230"]
[BlackElo "2395"]
[PlyCount "66"]
[EventDate "1999.02.27"]

1. d4 Nf6 2. c4 e6 3. Nc3 c5 4. d5 exd5 5. cxd5 d6 6. e4 g6 7. Be2 Bg7 8. Nf3
O-O 9. O-O Re8 10. Nd2 Nbd7 11. Qc2 a6 12. a4 Ne5 13. Ra3 Rb8 14. a5 b5 15.
axb6 Rxb6 16. f4 Neg4 17. Nc4 Rb4 18. h3 Nh5 19. hxg4 Bd4+ 20. Be3 Bxe3+ 21.
Nxe3 Ng3 22. g5 Nxf1 23. Bxf1 f6 24. gxf6 Qxf6 25. g3 a5 26. Qf2 a4 27. Nc4 Ba6
28. e5 dxe5 29. Nxe5 Bxf1 30. Kxf1 g5 31. Ng4 Qa6+ 32. Kg1 Qg6 33. Nd1 33... h5
{Rest unleserlich!!!} 1/2-1/2

[Event "AUT2M-chT 1998/99"]
[Site "Bad Schallerbach"]
[Date "1999.02.27"]
[Round "8.5"]
[White "Schueller, Ernst"]
[Black "Kreindl, Helmut"]
[Result "1-0"]
[WhiteElo "2255"]
[BlackElo "2225"]
[PlyCount "71"]
[EventDate "1999.02.27"]

1. Nf3 Nf6 2. d4 e6 3. Bg5 d5 4. Nbd2 Be7 5. Bxf6 Bxf6 6. c3 O-O 7. e4 b6 8.
Qc2 c5 9. e5 Be7 10. Bd3 g6 11. O-O Ba6 12. a4 Bxd3 13. Qxd3 Nc6 14. Rfe1 c4
15. Qc2 a6 16. b4 cxb3 17. Nxb3 Qc7 18. h4 Rfc8 19. Qd2 Na7 20. Re3 b5 21. Ng5
bxa4 22. Rxa4 Qc6 23. Qa2 Nb5 24. Nc5 Bxc5 25. dxc5 Qxc5 26. Rxa6 Rxa6 27. Qxa6
Qc6 28. Qa4 Nxc3 29. Qf4 Qb7 30. Kh2 Rc4 31. Qf6 Qc7 32. Nxe6 fxe6 33. Rf3 Qc8
34. Qf7+ Kh8 35. Qe7 h6 36. Rf7 1-0

[Event "AUT2M-chT 1998/99"]
[Site "Bad Schallerbach"]
[Date "1999.02.27"]
[Round "8.5"]
[White "Froeschl, Felix"]
[Black "Denk, Adolf"]
[Result "1/2-1/2"]
[WhiteElo "2240"]
[BlackElo "2261"]
[PlyCount "160"]
[EventDate "1999.02.27"]

1. d4 Nf6 2. Nf3 d6 3. c4 Nbd7 4. Nc3 e5 5. e4 Be7 6. Be2 O-O 7. O-O c6 8. h3
exd4 9. Nxd4 Nc5 10. Qc2 a5 11. Re1 Re8 12. Nb3 Nfd7 13. Bf4 Ne6 14. Be3 a4 15.
Nd2 Qa5 16. Rad1 a3 17. b3 Bf6 18. Ndb1 Nec5 19. Bf1 Re6 20. g3 Na6 21. Bg2 Nb4
22. Qd2 Nc5 23. Bxc5 Qxc5 24. Na4 Rxa4 25. bxa4 Bb2 26. Re3 Na6 27. Rd3 g6 28.
Rxd6 Rxd6 29. Qxd6 Qxd6 30. Rxd6 Be6 31. Bf1 Nc5 32. a5 Nxe4 33. a6 bxa6 34.
Rxc6 a5 35. Bd3 Ng5 36. h4 Nf3+ 37. Kh1 Ne5 38. Rd6 Nxd3 39. Rxd3 Bxc4 40. Re3
Bxa2 41. Nxa3 Bc1 42. Rc3 Bb2 43. Rc8+ Kg7 44. Nc4 Bc3 45. Kg1 Bb3 46. Ra8 h5
47. Nxa5 Be6 48. Nc4 Bb4 49. Ne3 Be7 50. Ra7 Bc5 51. Rc7 Bd6 52. Rb7 Bc5 53.
Kf1 Bd4 54. Ke2 Bc8 55. Rb4 Bc3 56. Rb8 Ba6+ 57. Kf3 Be5 58. Rb6 Bc8 59. Ke4
Bc7 60. Rb2 Bd6 61. Kd5 Be7 62. Rb8 Be6+ 63. Ke5 Bf6+ 64. Kd6 Bd4 65. Rb4 Bc3
66. Re4 Bh3 67. Nd5 Bb2 68. Ra4 Be6 69. f3 Bc1 70. g4 hxg4 71. fxg4 g5 72. h5
Bd2 73. Re4 Bc8 74. Rd4 Be1 75. Ke7 Bf2 76. Ra4 Be6 77. Nc7 Bc5+ 78. Kd8 Bb3
79. Ra6 Bd1 80. Ne8+ Kf8 1/2-1/2

[Event "AUT2M-chT 1998/99"]
[Site "Bad Schallerbach"]
[Date "1999.02.27"]
[Round "8.6"]
[White "Sandor, Christian"]
[Black "Heimberger, Reinhard"]
[Result "1-0"]
[WhiteElo "2350"]
[BlackElo "2280"]
[PlyCount "80"]
[EventDate "1999.02.27"]

1. e4 c5 2. Nf3 e6 3. d4 cxd4 4. Nxd4 Nf6 5. Nc3 d6 6. g4 h6 7. h4 a6 8. Bg2 e5
9. Nf5 g6 10. Ne3 Nc6 11. g5 hxg5 12. hxg5 Rxh1+ 13. Bxh1 Nh5 14. Ned5 Nd4 15.
Be3 Bg7 16. Qd3 Be6 17. O-O-O Qa5 18. Kb1 Rc8 19. Bxd4 exd4 20. Ne2 Qc5 21. Rd2
Be5 22. Bf3 Qc4 23. Bxh5 gxh5 24. f4 Bg7 25. f5 Bxd5 26. exd5 Be5 27. Qe4 Kd7
28. a3 b5 29. Nc1 b4 30. axb4 Qxb4 31. Rd3 Qc4 32. Rb3 Rc5 33. Rb7+ Ke8 34. g6
Qxd5 35. Rb8+ Ke7 36. Qh4+ Bf6 37. Qe1+ Qe5 38. Rb7+ Kf8 39. Rxf7+ Kg8 40. Qb4
Rb5 1-0

[Event "AUT2M-chT 1998/99"]
[Site "Bad Schallerbach"]
[Date "1999.02.27"]
[Round "8.6"]
[White "Trauner, Rudolf"]
[Black "Singer, Christoph"]
[Result "1-0"]
[WhiteElo "2255"]
[BlackElo "2245"]
[PlyCount "79"]
[EventDate "1999.02.27"]

1. Nf3 d5 2. b3 Bg4 3. Bb2 Nd7 4. d3 Ngf6 5. Nbd2 e6 6. e3 Bd6 7. Be2 O-O 8.
O-O Qe7 9. c4 c6 10. Rc1 a5 11. h3 Bxf3 12. Nxf3 a4 13. Qc2 Ra7 14. d4 axb3 15.
axb3 Ba3 16. Ra1 Rfa8 17. c5 Qd8 18. Bd3 b5 19. Bc3 Qb8 20. b4 Ra4 21. Rfb1
R8a7 22. Rb3 Qa8 23. Ne5 Nf8 24. f4 Ne8 25. Qe2 f6 26. Nxc6 Bxb4 27. Nxa7 Bxc3
28. Rxa4 bxa4 29. Rxc3 Qxa7 30. Ra3 Qa5 31. Qd1 e5 32. fxe5 fxe5 33. Rxa4 Qc3
34. dxe5 Qxc5 35. Rd4 Ne6 36. Bxh7+ Kf7 37. Qf3+ Ke7 38. Qxd5 Qc1+ 39. Rd1
Qxe3+ 40. Kh1 1-0

[Event "AUT2M-chT 1998/99"]
[Site "Bad Schallerbach"]
[Date "1999.02.27"]
[Round "8.6"]
[White "Brandstaetter, Friedrich"]
[Black "Tober, Gerhard"]
[Result "1-0"]
[WhiteElo "2130"]
[BlackElo "2210"]
[PlyCount "76"]
[EventDate "1999.02.27"]

1. e4 e6 2. d4 b6 3. Nc3 Bb7 4. Nf3 g6 5. Bd3 Bg7 6. O-O Ne7 7. Bg5 h6 8. Be3
O-O 9. e5 d6 10. Ne4 dxe5 11. dxe5 Nd7 12. Nf6+ Nxf6 13. exf6 Bxf6 14. Bxh6 Re8
15. c3 Nf5 16. Bxf5 exf5 17. Bf4 Qxd1 18. Raxd1 Re2 19. Rd7 Rxb2 20. Ne5 Bxe5
21. Bxe5 Re8 22. Bf6 Rxa2 23. Rxc7 Bd5 24. h4 Be6 25. Rd1 a5 26. Re7 Ra8 27.
Ra7 Re8 28. Rb1 Rb8 29. Rxb6 Rf8 30. Rab7 Re2 31. Rb8 Bd7 32. R8b7 Bc8 33. Rc7
Be6 34. Ra7 Ra2 35. Rba6 Ra1+ 36. Kh2 Re8 37. Ra8 Bd7 38. Rxe8+ Bxe8 1-0

[Event "AUT2M-chT 1998/99"]
[Site "Salzburg"]
[Date "1999.02.28"]
[Round "9.1"]
[White "Uhlmann, Wolfgang"]
[Black "Bischoff, Klaus"]
[Result "1/2-1/2"]
[WhiteElo "2475"]
[BlackElo "2521"]
[PlyCount "46"]
[EventDate "1999.02.27"]

1. c4 Nf6 2. Nc3 e5 3. Nf3 Nc6 4. g3 d5 5. cxd5 Nxd5 6. Bg2 Nb6 7. d3 Be7 8.
O-O O-O 9. Be3 Re8 10. Na4 Nd5 11. Bc5 Bf6 12. Nd2 b6 13. Nc3 Be6 14. Ba3 Rc8
15. Rc1 Nd4 16. Nde4 c5 17. e3 Nc6 18. Nxd5 Bxd5 19. Nxf6+ gxf6 20. Bxd5 Qxd5
21. b3 Rcd8 22. Qg4+ Kh8 23. Rfd1 Qe6 1/2-1/2

[Event "AUT2M-chT 1998/99"]
[Site "Salzburg"]
[Date "1999.02.28"]
[Round "9.1"]
[White "Baumgartner, Heinz"]
[Black "Hanel, Reinhard"]
[Result "1-0"]
[WhiteElo "2278"]
[BlackElo "2360"]
[PlyCount "81"]
[EventDate "1999.02.27"]

1. Nf3 c5 2. c4 Nc6 3. Nc3 g6 4. e3 Bg7 5. d4 cxd4 6. exd4 d6 7. d5 Nb8 8. Be2
Nf6 9. O-O O-O 10. Re1 Nbd7 11. Bf1 Re8 12. Nd4 a6 13. b3 Nf8 14. Bb2 Bd7 15.
Qd2 Qb6 16. Rad1 Rad8 17. h3 Bc8 18. Nf3 Qc7 19. Re2 b6 20. Rde1 Bb7 21. Nd4 b5
22. cxb5 Nxd5 23. Nxd5 Bxd5 24. bxa6 Ba8 25. Nb5 Qd7 26. Bxg7 Kxg7 27. a4 e5
28. Re3 f6 29. Rc1 Ne6 30. Rec3 Re7 31. Nc7 Nc5 32. Nxa8 Ne4 33. Qe3 Nxc3 34.
Nb6 Qa7 35. Rxc3 d5 36. Rc6 d4 37. Qf3 Rf7 38. Bc4 d3 39. Bxd3 e4 40. Bxe4 Qxa6
41. Bd5 1-0

[Event "AUT2M-chT 1998/99"]
[Site "Salzburg"]
[Date "1999.02.28"]
[Round "9.1"]
[White "Hager, Franz"]
[Black "Rolletschek, Heinrich"]
[Result "1-0"]
[WhiteElo "2240"]
[BlackElo "2291"]
[PlyCount "85"]
[EventDate "1999.02.27"]

1. d4 f5 2. Nf3 Nf6 3. g3 g6 4. Bg2 Bg7 5. O-O d6 6. c3 c6 7. Nbd2 O-O 8. Re1
Na6 9. e4 fxe4 10. Nxe4 Nxe4 11. Rxe4 Bf5 12. Re1 Qd7 13. Bg5 Rae8 14. Qd2 Nc7
15. Bh6 Bg4 16. Nh4 Rf6 17. Bg5 Rf7 18. Re4 e5 19. dxe5 Rxe5 20. Rxe5 Bxe5 21.
Re1 Bg7 22. c4 Be6 23. b3 d5 24. Bf4 g5 25. Bxc7 gxh4 26. cxd5 Bxd5 27. Bxd5
cxd5 28. Be5 hxg3 29. hxg3 Re7 30. Bxg7 Rxe1+ 31. Qxe1 Kxg7 32. Qe5+ Kg6 33.
Qd4 b6 34. Kg2 Qe6 35. Kf3 h5 36. Qd3+ Kf6 37. Qh7 Qe1 38. Qh6+ Ke7 39. Qe3+
Qxe3+ 40. Kxe3 Ke6 41. Kd4 Kd6 42. b4 a5 43. b5 1-0

[Event "AUT2M-chT 1998/99"]
[Site "Salzburg"]
[Date "1999.02.28"]
[Round "9.1"]
[White "Woeber, Friedrich"]
[Black "Hinteregger, Arthur"]
[Result "1/2-1/2"]
[WhiteElo "2205"]
[BlackElo "2156"]
[PlyCount "38"]
[EventDate "1999.02.27"]

1. e4 e6 2. d4 d5 3. e5 c5 4. c3 Qb6 5. Nf3 Nc6 6. Bd3 cxd4 7. cxd4 Bd7 8. O-O
Nxd4 9. Nxd4 Qxd4 10. Nc3 a6 11. Qe2 Rc8 12. Kh1 Bc5 13. f4 Ne7 14. Bd2 Nf5 15.
Rf3 h5 16. Raf1 Be7 17. Rh3 Rh6 18. Be1 h4 19. Bf2 Qb4 1/2-1/2

[Event "AUT2M-chT 1998/99"]
[Site "Salzburg"]
[Date "1999.02.28"]
[Round "9.1"]
[White "Gottsmann, Herbert"]
[Black "Winiwarter, Felix"]
[Result "1/2-1/2"]
[WhiteElo "2145"]
[BlackElo "2225"]
[PlyCount "43"]
[EventDate "1999.02.27"]

1. e4 e6 2. d3 d5 3. Nd2 Nf6 4. Ngf3 Nc6 5. e5 Nd7 6. d4 f6 7. Bb5 fxe5 8. Nxe5
Ndxe5 9. dxe5 Be7 10. Qg4 O-O 11. Nf3 Rf5 12. Bh6 Qf8 13. O-O-O Kh8 14. Bd2 Bd7
15. Bd3 Rxf3 16. Qxf3 Nxe5 17. Qxf8+ Rxf8 18. f4 Nxd3+ 19. cxd3 Bd6 20. Rhf1
Kg8 21. Rde1 c5 22. g3 1/2-1/2

[Event "AUT2M-chT 1998/99"]
[Site "Salzburg"]
[Date "1999.02.28"]
[Round "9.3"]
[White "Ankerst, Michael"]
[Black "Wirius, Stefan"]
[Result "1-0"]
[WhiteElo "2316"]
[BlackElo "2285"]
[PlyCount "51"]
[EventDate "1999.02.27"]

1. e4 c5 2. Nf3 d6 3. d4 cxd4 4. Nxd4 Nf6 5. Nc3 Nc6 6. Bc4 e6 7. Bb3 Be7 8.
Be3 O-O 9. f4 Na5 10. Qf3 g6 11. O-O-O Nxb3+ 12. axb3 Qa5 13. h3 Bd7 14. g4 e5
15. Nde2 Qa1+ 16. Kd2 Qa5 17. g5 Nxe4+ 18. Qxe4 Bc6 19. b4 Bxe4 20. bxa5 Bxh1
21. Rxh1 exf4 22. Bxf4 d5 23. Nxd5 Rfd8 24. Nec3 Bb4 25. Kc1 Bxa5 26. Ne4 1-0

[Event "AUT2M-chT 1998/99"]
[Site "Salzburg"]
[Date "1999.02.28"]
[Round "9.3"]
[White "Tkaczuk, Rainer"]
[Black "Opl, Klaus"]
[Result "1/2-1/2"]
[WhiteElo "2260"]
[BlackElo "2330"]
[PlyCount "56"]
[EventDate "1999.02.27"]

1. e4 e5 2. Bc4 Nf6 3. d3 d5 4. exd5 Nxd5 5. Nc3 Nxc3 6. Qf3 Qf6 7. bxc3 Bd6 8.
Qxf6 gxf6 9. Ne2 Nd7 10. Be3 Nb6 11. Bb3 Bd7 12. f4 Bc6 13. fxe5 fxe5 14. O-O
Nd5 15. Bxd5 Bxd5 16. c4 Be6 17. Ng3 Kd7 18. Nf5 h5 19. Ng7 Rag8 20. Nxe6 Kxe6
21. Rae1 Rg4 22. Re2 Rh7 23. Ref2 Be7 24. Kh1 Rhg7 25. Re2 f6 26. h3 R4g6 27.
d4 Kd7 28. dxe5 fxe5 1/2-1/2